Normal view
MARC view
- Toddlers--Nutrition
Entry Topical Term
001 - CONTROL NUMBER
- control field: 111470
003 - CONTROL NUMBER IDENTIFIER
- control field: NUST
005 - DATE AND TIME OF LATEST TRANSACTION
- control field: 20230327132743.0
008 - FIXED-LENGTH DATA ELEMENTS
- fixed length control field: 230327|| aca||aabn | a|a d
040 ## - CATALOGING SOURCE
- Original cataloging agency: NUST
- Transcribing agency: NUST
150 ## - HEADING--TOPICAL TERM
- Topical term or geographic name entry element: Toddlers--Nutrition
670 ## - SOURCE DATA FOUND
- Source citation: Work cat.: (NUST)594344: Igloo Books 111467, Baby & Toddler Recipes:, 2015.
